000 00289 a2200133 4500
001 76060
040 _cAnchieta - Colégio São Paulo
240 1 0 _aAraribá plus
_lpor
245 1 0 _aAraribá plus
300 _a224
362 0 _a2014
650 4 _aCiência da vida - Biologia
942 _cBK
999 _c76060
_d76060